000 01163pam a2200301 a 4500
001 1086149
003 OSt
005 20230620133520.0
008 920110s1992 enk b 001 0 eng
010 _a 92003015
020 _a0198277059 (cloth) :
_c$£40.00 (est.)
040 _aDLC
_cDLC
_dDLC
043 _ae-uk---
082 0 0 _a324.241
_220
_bBRA
100 1 _aBrand, Jack,
_d1934-
245 1 0 _aBritish parliamentary parties :
_bpolicy and power /
_cJack Brand.
260 _aOxford [England] :
_bClarendon Press ;
_aNew York :
_bOxford University Press,
_c1992.
300 _ax, 370 p. ;
_c23 cm.
504 _aIncludes bibliographical references (p. [355]-363) and index.
650 0 _aPolitical parties
_zGreat Britain.
650 0 _aPolitical planning
_zGreat Britain.
650 0 _aPolicy sciences.
651 0 _aGreat Britain
_xPolitics and government
_y1945-
856 4 2 _3Publisher description
_uhttp://www.loc.gov/catdir/enhancements/fy0606/92003015-d.html
906 _a7
_bcbc
_corignew
_d1
_eocip
_f19
_gy-gencatlg
942 _2ddc
_cBK
999 _c1735
_d1735